000 01147nam a2200277 a 4500
001 BRL_790
005 20190320210911.0
008 071013s2000----mx-ao#####---#000-0#spa-#
020 _a9685011109
041 _aspa
044 _amx
050 4 _aAM401.F74
_b.S54 2000
245 1 0 _aSigmund Freud coleccionista
_bAntiguo Colegio de San Ildefonso, Ciudad de Mexico 2000
_ccoordinación editorial Lucinda Gutierrez; traducción del inglés Isabelle Marmasse, Elsa Reyes; traducción del alemán Frank Silkens
260 _aMéxico
_bAntiguo Colegio de San Ildefonso
_c2000
300 _a161 p.
_bil.
_c31 cm.
500 _aAu938
500 _aEsta publicacion es el catalogo de la exposicion Sigmund Freud, coleccionista, organizada por el Antiguo Colegio de San Ildefonso y presentada en la ciudad de Mexico de mayo a agosto de 2000
504 _aBibliografía: p. 159
600 1 4 _aFreud, Sigmund,
_d1856-1939
_xExposiciones
_924958
700 1 _aGutiérrez, Lucinda
_eed.
_93980
700 1 _aMarmasse, Isabelle
_etr.
_924959
700 1 _aReyes, Elsa
_etr.
_924960
700 1 _aSilkens, Frank
_etr.
_924961
902 _aGRL
942 _2lcc
_cB
999 _c9602
_d9602